Géographie de l'Asie par lettre - L - Statistiques

Statistiques générales
  • Ce quiz a été pris 119 fois
  • Le résultat moyen est 9 sur 20
Statistiques - réponses
Indice Réponse % Correct
Les réfugiés syriens composent un quart de la population de ce pays Le Liban
89%
Que sont l'Issyk-Koul, Orumieh ou Baïkal ? Des Lacs
88%
Animal symbole de Singapour Le Lion
78%
Capitale de la région autonome du Tibet Lhassa
77%
Fruit originaire de Chine avec une enveloppe écailleuse rose et un intérieur blanc pulpeux Le Litchi
72%
Fleur symbole de l'Inde Le Lotus
68%
Renommé pic Abu Ali Ibn Sina en 2006, cette montagne kirghize portait le nom d'un célèbre révolutionnaire russe Le pic {Lénine}
57%
Capitale et plus grande ville du Pendjab pakistanais Lahore
56%
Monnaie de la Turquie La Livre
51%
Nom du Timor oriental préconisé par l'ONU Le Timor-{Leste}
51%
Terme désignant le Proche-Orient méditérranéen Le Levant
49%
Principal parti politique conservateur d'Israël Le Likoud
38%
Île la plus vaste et la plus peuplée des Philippines Luçon
38%
Le plus oriental des trois grands fleuves sibériens La Léna
34%
Ville côtière de Syrie qui fut brièvement la capitale d'un état alaouite Lattaquié
12%
Ville du nord du Laos et ancienne capitale, elle est très visitée pour ses nombreux temples et monastères bouddhistes Luang Prabang
9%
Région du nord de l'Inde à l'élévation moyenne la plus élevée du pays Le Ladakh
5%
Province du nord-est de la Chine partageant une frontière avec la Corée du Nord Le Liaoning
5%
Village au Népal lieu de naissance de Bouddha et faisant l'objet d'un pélerinage important. Lumbini
4%
Aussi appelés Dokdo en Corée et Takeshima au Japon, ces rochers portent le nom d'un baleinier français Les rochers {Liancourt}
2%
Aucun quiz correspondant
Distribution des résultats
% des personnes avec chaque résultat
Percentile par nombre de réponses
Votre historique - résultats
Vous n’avez pas pris ce quiz